000 00741nam a2200205 a 4500
001 BRCA_2255
005 20190320203731.0
008 spas20s2003----ne-#######---#000-paspa-#
041 _aspa
044 _ane
050 4 _aTR820
_b.W67 2003
245 1 0 _aWorld Press Photo 03
_ctraducción Silvana Laguardia.
260 _aÁmsterdam
_bFundación World Press Photo
_c2003
300 _a156 p.
_bil. (agunas a color)
_c30 cm.
500 _aCatálogo de la exposición realizada en el Museo Franz Mayer (Ciudad de México), 27 septiembre - 19 octubre, 2003
500 _aIncluye lista de países participantes
650 1 4 _aFotoperiodismo
_vExposiciones
_xPremios
_95406
650 1 4 _aFotografía
_vExposiciones
_xPremios
_95407
942 _2lcc
_cB
999 _c2004
_d2004